Statistics for Click the Fast Food Served Here

Click here to take the quiz!

General Stats

  • This quiz has been taken 4,664 times
  • The average score is 22 of 30

Answer Stats

HintAnswer% Correct
McDonaldsBurger
98%
Domino'sPizza
95%
StarbucksCoffee
94%
Taco BellMexican
94%
SubwaySandwich
94%
Chick-fil-AChicken
93%
KFCChicken
93%
Del TacoMexican
88%
WingstopChicken
86%
Dunkin'Donut
85%
Papa John'sPizza
82%
Krispy KremeDonut
81%
ChipotleMexican
80%
Five GuysBurger
78%
In-N-OutBurger
78%
Wendy'sBurger
77%
PopeyesChicken
75%
SonicBurger
68%
Little CaesarsPizza
68%
Jack in the BoxBurger
63%
Carl's Jr.Burger
63%
White CastleBurger
60%
PaneraSandwich
59%
El Pollo LocoChicken
50%
Jersey Mike'sSandwich
50%
Nando'sChicken
47%
QdobaMexican
45%
CostaCoffee
41%
Tim HortonsCoffee
41%
Arby'sSandwich
33%

Score Distribution

Percentile by Number Answered

Percent of People with Each Score

Your Score History

You have not taken this quiz